Literaturas del texto al hipermedia
Guardat en:
| Autors principals: | , |
|---|---|
| Format: | Llibre |
| Idioma: | espanyol |
| Publicat: |
Barcelona
Anthropos
2008
|
| Edició: | 1a. ed |
| Col·lecció: | Pensamiento Crítico-Pensamiento Utópico, 175
|
| Matèries: | |
| Etiquetes: |
Afegir etiqueta
Sense etiquetes, Sigues el primer a etiquetar aquest registre!
|
MARC
| LEADER | 00000nam a2200000 a 4500 | ||
|---|---|---|---|
| 001 | UCH4685 | ||
| 003 | CL-VaPUC | ||
| 008 | 090827e20080000SP |||||||||||||||||spa|d | ||
| 020 | |a 9788476588888 | ||
| 082 | 0 | 4 | |a 801.95 |b ROM |2 21 |
| 100 | 0 | |a Romero López, Dolores |e author |9 540362 | |
| 700 | 0 | |a Sanz Cabrerizo, Amelia |e author |9 540363 | |
| 245 | 1 | 0 | |a Literaturas del texto al hipermedia |
| 250 | |a 1a. ed | ||
| 300 | |a 350 p | ||
| 942 | |c BK | ||
| 945 | |d 20090827 00:00:00 |a dcastane | ||
| 260 | |a Barcelona |b Anthropos |c 2008 | ||
| 650 | 0 | |a Crítica literaria |9 269189 | |
| 650 | 0 | |a Análisis literario |9 318386 | |
| 650 | 7 | |a INVESTIGACION LITERARIA |2 CL-VaPUC |9 324493 | |
| 650 | 0 | |a Literatura |9 259151 | |
| 650 | 7 | |a HIPERTEXTO |2 CL-VaPUC |9 370740 | |
| 583 | |a last modification |c 20090827 00:00:00 |k Rodrigo Vera | ||
| 490 | 0 | |a Pensamiento Crítico-Pensamiento Utópico, 175 | |
| 999 | |c 335956 |d 335954 | ||
| 952 | |0 0 |1 0 |4 0 |6 801_950000000000000_ROM_2008 |7 0 |8 A |9 426815 |a BIBEDU |b BIBEDU |d 2019-11-22 |i 4593847 |o 801.95 ROM 2008 |p 4593847 |r 2019-11-22 |w 2019-11-22 |y BK |k LIT | ||